| 000 | 02141 a2200289 4500 | ||
|---|---|---|---|
| 999 |
_c10943 _d10943 |
||
| 020 | _a0195123204 (alk. paper) | ||
| 050 | 0 | 0 |
_aTL278 _b.FUJ 1999 |
| 100 | 1 |
_aFujimoto, Takahiro, _d1955- _eauthor |
|
| 245 | 1 | 4 |
_aThe evolution of a manufacturing system at Toyota / _cTakahiro Fujimoto. |
| 264 |
_aNew York: _bOxford University Press _c1999 |
||
| 300 |
_ax, 380 p. : _bill. ; |
||
| 336 |
_2text _arda content _btx |
||
| 337 |
_2unmediated _arda media _bn |
||
| 338 |
_2volume _arda carrier _bnc |
||
| 504 | _aIncludes bibliographical references (p. 349-364) and index. | ||
| 505 | _aAn evolutionary framework for manufacturing System emergence at Toyota: history System emergence at Toyota: reinterpretation The anatomy of manufacturing routines: an information view Evolution of the black box parts supplier system Evolution of product development routines Evolution of Toyota's new assembly system Toyota as a "prepared organization." | ||
| 520 | _aPART I: Emergence and Functions of the Total Manufacturing System. 1. An Evolutionary Framework for Manufacturing. 2. System Emergence at Toyota: History. 3. System Emergence at Toyota: Reinterpretation. 4. The Anatomy of Manufacturing Routines: An Information View. PART II: Emergence and Functions of the Three Subsystems: Supplier, Development, and Production. 5. Evolution of the Black Box Parts Supplier System. 6. Evolution of Product Development Routines. 7. Evolution of Toyota's New Assembly System. 8. Conclusion: Toyota as a "Prepared Organization". Appendix A. The Evolutionary | ||
| 650 | 0 |
_aAutomobiles _xDesign and construction. |
|
| 650 | 0 | _aIndustrial efficiency. | |
| 650 | 0 | _aOperations research. | |
| 650 | 0 | _aToyota automobiles. | |
| 856 | 4 | 2 |
_3Publisher description _uhttp://www.loc.gov/catdir/enhancements/fy0604/98038201-d.html |
| 856 | 4 | 1 |
_3Table of contents only _uhttp://www.loc.gov/catdir/enhancements/fy0604/98038201-t.html |
| 942 |
_2lcc _cBK _h278 _iFUG 1999 _kTL |
||